000 00499nam a2200193Ia 4500
005 20140311163142.0
008 140130s9999 xx 000 0 und d
020 _a0439550947
050 _aQL 83
_b.T89 2004
100 _aTwist, Clint
_931341
245 _cTwist, Clint
_aEndangered Animals Dictionary /
260 _bScholastic,
_c2004.
_aNew York :
300 _a64 p. :
_bcol. ill. ;
_c31 cm.
440 _v1
_931174
521 _aG8
526 _c970
942 _cBK
_2lcc
999 _c42015
_d42015